000 01563nam a22003137a 4500
005 20260622152606.0
008 260622t2018 |||||||| |||| 00| 0 spa d
020 _a9789587835649
040 _aCO-BoUCM
_bspa
_cStefania Borbon
_dStefania Borbon
041 _aspa
100 _aRoll, David
_949401
245 _a¡Reforma política ya! :
_bOrganización electoral, financiación y partidos /
_cDavid Roll Velez, Edwin Cruz, Jaime Buitrago, Zulima Rojas, Isaac Morales
260 _aBogotá, D.C. :
_bUniversidad Nacional de Colombia,
_c2018
300 _a210 páginas;
_btablas
490 _aColección Gerardo Molina
504 _aIncluye referencias bibliográficas
520 _aContiene un análisis sobre el papel fundamental de la organización electoral, el financiamiento de campañas y los partidos políticos en Colombia dentro del marco del posconflicto. Desarrolla propuestas de reajuste institucional y normativo, confrontando mitos sobre las crisis partidistas y las estructuras de representación ciudadana.
650 4 _aPartidos políticos
_zColombia
_937930
650 4 _aElecciones
_xLegislación
_zColombia
_9174724
650 4 _aCampañas electorales
_xFinanciación
_zColombia
_9189817
650 4 _aReformas políticas
_zColombia
_9189818
700 1 _aCruz, Edwin
_9189819
700 1 _aMorales, Isaac
_9189820
700 1 _aRojas, Zulima
_9189821
700 1 _aRoll Vélez David
_9189822
710 _aUniversidad Nacional de Colombia
_93820
942 _2DEWEY
_a8
_cLIBRO
_e1
_h324.286
_mR749r
999 _c326552
_d326552